[Event "South Wales International"]
[White "Fathallah, Joe"]
[Black "Orton, Paul"]
[Site "Cardiff"]
[Round "4.18"]
[Annotator ""]
[Result "1-0"]
[Date "2017.07.10"]
[WhiteElo "1919"]
[BlackElo "1615"]
[PlyCount "61"]

1. d4 Nf6 2. c4 e6 3. Nc3 Bb4 4. Qc2 d5 5. cxd5 exd5 6. Bg5 h6 7. Bh4 0-0 8. e3 c5 9. a3 Bxc3+ 10. bxc3 cxd4 11. cxd4 Qa5+ 12. Qd2 Qxd2+ 13. Kxd2 Ne4+ 14. Kd1 Bd7 15. f3 Ba4+ 16. Ke1 Nd6 17. Be7 Nf5 18. Bxf8 Kxf8 19. Kd2 Nc6 20. Bd3 Nd6 21. Ne2 Na5 22. Rab1 Nb3+ 23. Ke1 Rc8 24. Kf2 Nc4 25. Bxc4 Rxc4 26. Rb2 b5 27. Rhb1 Na5 28. Nf4 Rc3 29. Nxd5 Rxa3 30. Nc7 Nb3 31. Nxb5 1-0

[Event "South Wales International"]
[White "Wilson, Matthew R"]
[Black "Cheung, Ryan"]
[Site "Cardiff"]
[Round "4.19"]
[Annotator ""]
[Result "1-0"]
[Date "2017.07.10"]
[WhiteElo "1829"]
[BlackElo "1318"]
[PlyCount "65"]

1. e4 d5 2. exd5 Qxd5 3. Nc3 Qa5 4. Bc4 Nf6 5. d3 c6 6. Bd2 e6 7. Nd5 Qd8 8. Nxf6+ Qxf6 9. Bc3 Qg6 10. Qf3 Nd7 11. h4 h5 12. Nh3 Bd6 13. Ng5 Ne5 14. Qe4 Qxe4+ 15. Nxe4 Nxc4 16. dxc4 Bf8 17. 0-0-0 f6 18. Rhe1 Be7 19. Nd6+ Bxd6 20. Rxd6 e5 21. f4 Ke7 22. fxe5 fxe5 23. Bxe5 Kf7 24. Rf1+ Kg8 25. Rd8+ Kh7 26. Rxh8+ Kxh8 27. Rf7 Bg4 28. Rxg7 Rf8 29. Rxb7+ Kg8 30. Rg7+ Kh8 31. Rxa7+ Kg8 32. Rg7+ Kh8 33. Rxg4+ 1-0

[Event "South Wales International"]
[White "Emblem, Mark"]
[Black "Jaberansari, Daniel"]
[Site "Cardiff"]
[Round "4.22"]
[Annotator ""]
[Result "1/2-1/2"]
[Date "2017.07.10"]
[WhiteElo "1567"]
[BlackElo "1387"]
[PlyCount "50"]

1. d4 Nf6 2. Bf4 g6 3. e3 Bg7 4. Nf3 0-0 5. h3 d6 6. Nbd2 Nfd7 7. c3 e5 8. dxe5 dxe5 9. Bh2 Nc6 10. Be2 Nb6 11. 0-0 Be6 12. Qc2 Qe7 13. Rad1 Rad8 14. b3 a6 15. e4 Rd7 16. Ne1 f5 17. Nd3 Rfd8 18. f4 fxe4 19. Nxe4 Bf5 20. Nxe5 Rxd1 21. Rxd1 Rxd1+ 22. Bxd1 Nxe5 23. fxe5 Bxe5 24. Bxe5 Qxe5 25. Bf3 Nd5 1/2-1/2

[Event "South Wales International"]
[White "Jyothilal, N."]
[Black "Arkell, Keith C"]
[Site "Cardiff"]
[Round "5.2"]
[Annotator ""]
[Result "1/2-1/2"]
[Date "2017.07.10"]
[WhiteElo "1982"]
[BlackElo "2424"]
[PlyCount "59"]

1. d4 Nf6 2. c4 e6 3. g3 c5 4. Nf3 cxd4 5. Nxd4 Nc6 6. Nxc6 bxc6 7. Bg2 d5 8. 0-0 Be7 9. Nc3 0-0 10. Bf4 Qb6 11. Qc2 Ba6 12. cxd5 cxd5 13. Qb3 Qxb3 14. axb3 Bb7 15. Nb5 a6 16. Nd6 Bc6 17. Rfc1 Bd7 18. e4 dxe4 19. Nxe4 Nd5 20. Nc3 Bc6 21. Nxd5 Bxd5 22. Bxd5 exd5 23. Rd1 Rfd8 24. Be5 f6 25. Bc3 Kf7 26. Ra5 Ke6 27. Re1+ Kf7 28. Rd1 Ke6 29. Re1+ Kf7 30. Rd1 1/2-1/2

[Event "South Wales International"]
[White "Kett, Tim"]
[Black "Chatalbashev, Boris"]
[Site "Cardiff"]
[Round "5.3"]
[Annotator ""]
[Result "0-1"]
[Date "2017.07.10"]
[WhiteElo "2208"]
[BlackElo "2552"]
[PlyCount "82"]

1. e4 g6 2. d4 Bg7 3. Nc3 d6 4. Be3 a6 5. Qd2 b5 6. a4 b4 7. Nce2 a5 8. Ng3 h5 9. Nf3 h4 10. Ne2 Nf6 11. Ng5 Ng4 12. f4 Nxe3 13. Qxe3 e5 14. Rd1 exf4 15. Qxf4 Qe7 16. Nh3 Bb7 17. Nf2 Nd7 18. g4 hxg3 19. Qxg3 Nf6 20. Bg2 Nxe4 21. Nxe4 Bxe4 22. 0-0 Bxg2 23. Qxg2 0-0 24. Nf4 Rae8 25. Nd5 Qd8 26. c3 c6 27. Nf4 d5 28. Rde1 Qd6 29. Re2 Rxe2 30. Qxe2 c5 31. Qf2 bxc3 32. dxc5 Qc6 33. bxc3 Re8 34. Nd3 f5 35. Re1 Re4 36. Qd2 Rg4+ 37. Kf1 d4 38. Nf2 Qg2+ 39. Ke2 dxc3 40. Qa2+ Kh7 41. Rf1 Re4+ 0-1

[Event "South Wales International"]
[White "Rudd, Jack"]
[Black "Davis, Lee"]
[Site "Cardiff"]
[Round "5.5"]
[Annotator ""]
[Result "1/2-1/2"]
[Date "2017.07.10"]
[WhiteElo "2252"]
[BlackElo "1952"]
[PlyCount "75"]

1. d4 Nf6 2. c4 e6 3. Nc3 Bb4 4. f3 d5 5. a3 Bxc3+ 6. bxc3 c5 7. e3 0-0 8. Bd3 Nc6 9. Ne2 Qc7 10. 0-0 h6 11. e4 dxc4 12. Bxc4 Rd8 13. Qd3 cxd4 14. Bf4 e5 15. Bd2 dxc3 16. Qxc3 Nd4 17. Nxd4 Rxd4 18. Rac1 Qb6 19. Kh1 Be6 20. Bxe6 Qxe6 21. Qb2 Rc8 22. Rxc8+ Qxc8 23. Bc3 Rc4 24. Bxe5 Rc2 25. Qa1 Qc4 26. Qd1 Nd7 27. Bd4 Qa2 28. Rg1 Nc5 29. Be3 Rc3 30. Bxc5 Rxc5 31. Qd6 Qxa3 32. Qb8+ Kh7 33. Qxb7 Rc1 34. h4 Rxg1+ 35. Kxg1 Qa2 36. h5 a5 37. Qb5 a4 38. Qf5+ 1/2-1/2

[Event "South Wales International"]
[White "Menadue, Jeremy F S"]
[Black "Lauridsen, Jesper Morch"]
[Site "Cardiff"]
[Round "5.6"]
[Annotator ""]
[Result "1/2-1/2"]
[Date "2017.07.10"]
[WhiteElo "2046"]
[BlackElo "2247"]
[PlyCount "101"]

1. d4 Nf6 2. c4 g6 3. Nc3 Bg7 4. e4 d6 5. Nge2 0-0 6. Ng3 c5 7. d5 e6 8. Be2 exd5 9. cxd5 Re8 10. 0-0 Na6 11. Bg5 h6 12. Be3 h5 13. f3 Nc7 14. a3 Rb8 15. Rc1 b5 16. b4 cxb4 17. axb4 h4 18. Nh1 a5 19. Bg5 h3 20. g4 axb4 21. Nb1 Na6 22. Nf2 Nc5 23. Nxh3 b3 24. Kh1 Bd7 25. Nf2 b2 26. Rc2 Qb6 27. Qd2 Nh7 28. Be3 b4 29. Nd1 b3 30. Rxb2 Bxb2 31. Nxb2 Qb4 32. Qxb4 Rxb4 33. Nc4 Nb7 34. Bd2 Rb5 35. Nba3 Rc8 36. Rb1 Rbc5 37. Rxb3 R5c7 38. Kg2 Nf6 39. Be3 Nc5 40. Rb6 Ne8 41. Bd4 Ra8 42. Rb4 f5 43. gxf5 gxf5 44. e5 dxe5 45. Bxe5 Rb7 46. Rxb7 Nxb7 47. Kf2 Nc5 48. Ke3 Kf7 49. Kd4 Nb3+ 50. Kc3 Nc5 51. Kd4 1/2-1/2

[Event "South Wales International"]
[White "Ledger, Dave J"]
[Black "Bevan, Peter M"]
[Site "Cardiff"]
[Round "5.7"]
[Annotator ""]
[Result "1-0"]
[Date "2017.07.10"]
[WhiteElo "2218"]
[BlackElo "1933"]
[PlyCount "53"]

1. e4 c6 2. d4 d5 3. e5 c5 4. dxc5 e6 5. a3 a5 6. Be3 Nh6 7. Nf3 Nd7 8. Bb5 Qc7 9. c4 dxc4 10. Bxh6 gxh6 11. Nc3 Bg7 12. Qd6 Qxd6 13. cxd6 0-0 14. 0-0-0 Rd8 15. Rhe1 b6 16. Na4 Nc5 17. Nxc5 bxc5 18. Nd2 Rb8 19. Bxc4 f6 20. f4 Kf7 21. Nb3 fxe5 22. fxe5 a4 23. Nxc5 Bd7 24. Nxd7 Rxd7 25. Rd2 Rc8 26. Rf2+ Kg6 27. Rc2 1-0

[Event "South Wales International"]
[White "Waterfield, John W"]
[Black "Whitehead, Mark A"]
[Site "Cardiff"]
[Round "5.9"]
[Annotator ""]
[Result "1/2-1/2"]
[Date "2017.07.10"]
[WhiteElo "1967"]
[BlackElo "1917"]
[PlyCount "39"]

1. e4 c5 2. Nf3 e6 3. d4 cxd4 4. Nxd4 a6 5. Nc3 Qc7 6. Be2 b5 7. a3 Bb7 8. Qd3 Be7 9. 0-0 Nf6 10. f4 d6 11. Bf3 Nbd7 12. b3 Rc8 13. Bb2 0-0 14. Rae1 Nc5 15. Qe2 Rcd8 16. b4 Ncd7 17. e5 dxe5 18. fxe5 Bxf3 19. Nxf3 Ne8 20. Ne4 1/2-1/2

[Event "South Wales International"]
[White "Thorpe, Thomas"]
[Black "Rysbayeva, Aigerim"]
[Site "Cardiff"]
[Round "5.12"]
[Annotator ""]
[Result "1/2-1/2"]
[Date "2017.07.10"]
[WhiteElo "1892"]
[BlackElo "2157"]
[PlyCount "39"]

1. e4 c5 2. Nc3 Nc6 3. f4 d6 4. Nf3 g6 5. Bb5 Bg7 6. 0-0 Bd7 7. Bc4 e6 8. d3 Nge7 9. Qe1 Na5 10. f5 Nxc4 11. dxc4 0-0 12. fxg6 fxg6 13. Bg5 h6 14. Qh4 Rxf3 15. Bxe7 Rxf1+ 16. Rxf1 g5 17. Bxd8 gxh4 18. Bf6 Rf8 19. Bxg7 Rxf1+ 20. Kxf1 1/2-1/2

[Event "South Wales International"]
[White "Brown, Thomas"]
[Black "Wilson, Matthew R"]
[Site "Cardiff"]
[Round "5.13"]
[Annotator ""]
[Result "1/2-1/2"]
[Date "2017.07.10"]
[WhiteElo "2063"]
[BlackElo "1829"]
[PlyCount "111"]

1. d4 Nf6 2. c4 e6 3. Nc3 d5 4. Nf3 Be7 5. Bf4 0-0 6. e3 b6 7. cxd5 Nxd5 8. Bg3 Nxc3 9. bxc3 c5 10. Bd3 Bb7 11. 0-0 Nd7 12. Qe2 Nf6 13. Rfd1 Qd5 14. Be5 Ne4 15. c4 Qc6 16. d5 exd5 17. cxd5 Qa4 18. Bc2 Ba6 19. Bxa4 Bxe2 20. d6 Bf6 21. Bxf6 Bxd1 22. Rxd1 gxf6 23. Bc6 Nc3 24. Rd3 Nxa2 25. Bxa8 Rxa8 26. d7 Rd8 27. Kf1 Nb4 28. Rd6 Na6 29. Nd2 f5 30. Nf3 Nb8 31. Rd5 Rxd7 32. Rxf5 h6 33. Ne5 Rc7 34. Ke2 Nc6 35. Ng4 Kg7 36. Nf6 Re7 37. Nh5+ Kf8 38. Rf6 Re6 39. Rxe6 fxe6 40. f4 Kf7 41. g4 a5 42. g5 hxg5 43. fxg5 a4 44. Kd2 Ne5 45. Nf6 b5 46. Ne4 Nc4+ 47. Kc3 Ke7 48. Nxc5 Nxe3 49. Kb4 Nc2+ 50. Kxb5 a3 51. Kc4 a2 52. Nb3 Ne1 53. Kc3 Nf3 54. Kb2 Nxh2 55. Nd4 Kf7 56. Nxe6 1/2-1/2

[Event "South Wales International"]
[White "Sivarajasingam, Venetia"]
[Black "Van Kemenade, Rudy"]
[Site "Cardiff"]
[Round "5.15"]
[Annotator ""]
[Result "0-1"]
[Date "2017.07.10"]
[WhiteElo "1710"]
[BlackElo "1985"]
[PlyCount "96"]

1. e4 e5 2. Nf3 Nc6 3. Bb5 a6 4. Ba4 Nf6 5. 0-0 b5 6. Bb3 Be7 7. Qe2 0-0 8. c3 d6 9. a4 b4 10. Ng5 Na5 11. Bc2 b3 12. Bd1 h6 13. Nf3 Be6 14. d3 c5 15. Nbd2 Nd7 16. d4 cxd4 17. cxd4 Qb6 18. d5 Bg4 19. h3 Bh5 20. Ra3 Nc5 21. g4 Bg6 22. Ne1 Bg5 23. Nef3 Bxd2 24. Nxd2 Qb4 25. Qe3 Rab8 26. Be2 Nxe4 27. Bxa6 Nc5 28. Bb5 f5 29. Nf3 fxg4 30. Nh4 Qe4 31. Nxg6 Qxg6 32. hxg4 Qxg4+ 33. Qg3 Qh5 34. Kg2 Ne4 35. Qh3 Qg6+ 36. Kh2 Rf5 37. Be2 Rbf8 38. Be3 Nxf2 39. Qg3 Ng4+ 40. Bxg4 Rxf1 41. Qg2 Qc2 42. Qxc2 bxc2 43. Rc3 Re1 44. Kg2 Rxe3 45. Rxc2 Rf4 46. Bd7 Nc4 47. Bb5 Ree4 48. Bxc4 Rxc4 0-1

[Event "South Wales International"]
[White "Jukes, Sam"]
[Black "Fathallah, Joe"]
[Site "Cardiff"]
[Round "5.16"]
[Annotator ""]
[Result "0-1"]
[Date "2017.07.10"]
[WhiteElo "1730"]
[BlackElo "1919"]
[PlyCount "38"]

1. d4 f5 2. c4 Nf6 3. Nf3 g6 4. Nc3 Bg7 5. g3 d6 6. Bg2 0-0 7. 0-0 c6 8. Qc2 Na6 9. a3 Qc7 10. Rd1 e5 11. dxe5 dxe5 12. b4 e4 13. Bf4 Qf7 14. Nd2 Be6 15. Rac1 Rfd8 16. Bf1 h6 17. Be5 e3 18. Nf3 exf2+ 19. Kh1 Bxc4 0-1

[Event "South Wales International"]
[White "Jeanes, Andrew"]
[Black "Dixon, Chris"]
[Site "Cardiff"]
[Round "5.17"]
[Annotator ""]
[Result "1/2-1/2"]
[Date "2017.07.10"]
[WhiteElo "1622"]
[BlackElo "1806"]
[PlyCount "40"]

1. c4 Nf6 2. Nc3 g6 3. d3 Bg7 4. e4 0-0 5. f4 d6 6. Nf3 Nc6 7. Be2 e5 8. 0-0 Bg4 9. h3 Bxf3 10. Bxf3 Nd4 11. Be3 c6 12. Ne2 Nxf3+ 13. Rxf3 Nd7 14. f5 b6 15. Qd2 f6 16. fxg6 hxg6 17. Bh6 Qe7 18. Raf1 Bxh6 19. Qxh6 Qh7 20. Qxh7+ Kxh7 1/2-1/2

[Event "South Wales International"]
[White "Chong, Kimberly"]
[Black "Williams, Ron"]
[Site "Cardiff"]
[Round "5.20"]
[Annotator ""]
[Result "1-0"]
[Date "2017.07.10"]
[WhiteElo "1356"]
[BlackElo "1704"]
[PlyCount "121"]

1. e4 d6 2. d4 Nd7 3. Nf3 e5 4. dxe5 dxe5 5. Bc4 Be7 6. Qd5 Bb4+ 7. c3 Qe7 8. cxb4 Ngf6 9. Qd3 0-0 10. Bd2 Nb6 11. 0-0 Nxc4 12. Qxc4 Be6 13. Qc5 Qxc5 14. bxc5 Nxe4 15. Nxe5 Rad8 16. Bb4 Rfe8 17. Na3 Rd4 18. Nc2 Rd5 19. Nf3 Nxc5 20. Ne3 Rh5 21. g4 Bxg4 22. Nxg4 Re4 23. Bxc5 Rxg4+ 24. Kh1 Rxc5 25. Rad1 g6 26. Rfe1 Rc2 27. Rd2 Rxd2 28. Nxd2 Kf8 29. Ne4 Rf4 30. Kg2 Kg7 31. Nc5 Rc4 32. Nxb7 Rc2 33. Nd8 Rxb2 34. Re7 Rxa2 35. Rxc7 a5 36. Rxf7+ Kh6 37. Ra7 a4 38. Nc6 a3 39. Nb4 Rb2 40. Nd3 Rb3 41. Ne1 Rb1 42. Nc2 Rb2 43. Nxa3 Ra2 44. Nb5 Rxa7 45. Nxa7 g5 46. Kg3 Kg6 47. h4 gxh4+ 48. Kxh4 Kf5 49. Nc6 Kf4 50. Nb4 Ke4 51. Kg4 h6 52. Kh5 Kf5 53. Nd3 Ke6 54. Kxh6 Kf5 55. Kh5 Kf6 56. Kg4 Kg6 57. f4 Kf6 58. Ne5 Kg7 59. Kg5 Kg8 60. Kg6 Kf8 61. f5 1-0

[Event "South Wales International"]
[White "Ray, Hiya"]
[Black "Hurn, Robert Aj"]
[Site "Cardiff"]
[Round "5.22"]
[Annotator ""]
[Result "1/2-1/2"]
[Date "2017.07.10"]
[WhiteElo "1523"]
[BlackElo "1594"]
[PlyCount "70"]

1. d4 Nf6 2. c4 e6 3. Nf3 d5 4. g3 dxc4 5. Bg2 c5 6. Qa4+ Bd7 7. Qxc4 Bc6 8. dxc5 Qd5 9. Qxd5 Bxd5 10. Nc3 Bxc5 11. Nxd5 Nxd5 12. 0-0 Nc6 13. b3 0-0 14. Bb2 Rfd8 15. Rac1 Be7 16. e4 Ndb4 17. Ba3 Rac8 18. Rfd1 Nxa2 19. Rxd8+ Rxd8 20. Bxe7 Nxc1 21. Bxd8 Nxd8 22. b4 b5 23. Nd4 a6 24. Kf1 Nd3 25. Ke2 Nxb4 26. Nb3 Ndc6 27. Kd2 Kf8 28. Bf1 Ke7 29. Kc3 Kd6 30. f4 e5 31. f5 f6 32. h4 Na2+ 33. Kb2 Nab4 34. Kc3 Kc7 35. Nc5 Kd6 1/2-1/2

[Event "South Wales International"]
[White "Cheung, Ryan"]
[Black "Emblem, Mark"]
[Site "Cardiff"]
[Round "5.23"]
[Annotator ""]
[Result "1-0"]
[Date "2017.07.10"]
[WhiteElo "1318"]
[BlackElo "1567"]
[PlyCount "57"]

1. d4 Nf6 2. c4 e6 3. Nf3 Bb4+ 4. Bd2 c5 5. Bxb4 cxb4 6. g3 0-0 7. Bg2 d5 8. Nbd2 Bd7 9. cxd5 exd5 10. Ne5 Be6 11. Nb3 Nc6 12. Nxc6 bxc6 13. Nc5 a5 14. Rc1 Qc7 15. 0-0 Nd7 16. Qa4 Nb6 17. Nxe6 fxe6 18. Qxc6 Qxc6 19. Rxc6 Rab8 20. Rxe6 Rfd8 21. Rc1 Nc4 22. b3 Nd2 23. Rc5 Ne4 24. Bxe4 dxe4 25. Rxe4 Ra8 26. d5 Ra6 27. Rc6 Ra7 28. d6 Rad7 29. Rd4 1-0

[Event "South Wales International"]
[White "Thomas, Roy"]
[Black "Orton, Paul"]
[Site "Cardiff"]
[Round "5.24"]
[Annotator ""]
[Result "0-1"]
[Date "2017.07.10"]
[WhiteElo "1742"]
[BlackElo "1615"]
[PlyCount "68"]

1. f4 Nf6 2. Nf3 g6 3. e3 d5 4. Be2 Bg7 5. 0-0 c5 6. d3 0-0 7. Nc3 Nc6 8. e4 dxe4 9. dxe4 e6 10. Be3 Qe7 11. h3 Rd8 12. Qe1 b6 13. Bf2 Qc7 14. e5 Ne8 15. Bh4 Rd7 16. Ng5 Nd4 17. Bd3 Bb7 18. Nb5 Qc6 19. Qg3 Nxb5 20. Rad1 c4 21. Be2 Qc5+ 22. Kh1 Nd4 23. Qg4 h5 24. Qg3 Nxe2 25. Qe1 Rxd1 26. Qxd1 Nd4 27. Bf2 Qc6 28. Rg1 Nf5 29. Kh2 Qd5 30. Qe1 Rd8 31. Qb4 Bf8 32. Qe1 Qd2 33. Qf1 Qxc2 34. Nf3 Nc7 0-1

[Event "South Wales International"]
[White "Chung, Ethan Cheung Jing"]
[Black "O`rourke, Kevin"]
[Site "Cardiff"]
[Round "5.25"]
[Annotator ""]
[Result "1-0"]
[Date "2017.07.10"]
[WhiteElo "1348"]
[BlackElo "1296"]
[PlyCount "63"]

1. e4 e5 2. Nf3 d6 3. d4 Bg4 4. Be2 exd4 5. Nxd4 Bxe2 6. Qxe2 Nd7 7. 0-0 Qf6 8. Nb5 Qd8 9. N1c3 Be7 10. Nd5 Rc8 11. Nxa7 Nb6 12. Nxc8 Nxc8 13. Nxe7 Ngxe7 14. b3 0-0 15. Bb2 f6 16. f4 c5 17. Rad1 Qb6 18. Kh1 Qc6 19. e5 d5 20. exf6 Rxf6 21. Bxf6 Qxf6 22. Qe5 Qc6 23. Rfe1 d4 24. Qe6+ Qxe6 25. Rxe6 Kf7 26. Rde1 Nf5 27. R6e5 Ne3 28. Rxc5 Nd6 29. c3 b6 30. Rc7+ Ke8 31. cxd4 Ndf5 32. Rc3 1-0

[Event "South Wales International"]
[White "Chatalbashev, Boris"]
[Black "Petrov, Marian"]
[Site "Cardiff"]
[Round "6.1"]
[Annotator ""]
[Result "1/2-1/2"]
[Date "2017.07.11"]
[WhiteElo "2552"]
[BlackElo "2466"]
[PlyCount "25"]

1. d4 Nf6 2. c4 g6 3. Nc3 Bg7 4. e4 d6 5. f4 0-0 6. Nf3 c5 7. d5 e6 8. dxe6 fxe6 9. Bd3 Nc6 10. 0-0 a6 11. Kh1 Qe7 12. Qe1 Nd4 13. Bd2 1/2-1/2

[Event "South Wales International"]
[White "Wells, Peter K"]
[Black "Arkell, Keith C"]
[Site "Cardiff"]
[Round "6.2"]
[Annotator ""]
[Result "1-0"]
[Date "2017.07.11"]
[WhiteElo "2434"]
[BlackElo "2424"]
[PlyCount "81"]

1. e4 c6 2. d4 d5 3. Nc3 g6 4. h3 Bg7 5. Nf3 dxe4 6. Nxe4 Nd7 7. Bc4 Ngf6 8. Nxf6+ Nxf6 9. 0-0 0-0 10. c3 Qc7 11. Re1 b5 12. Bb3 e6 13. Ne5 c5 14. Bf4 Qb6 15. dxc5 Qxc5 16. Qf3 Nd5 17. Bg3 a6 18. Rad1 Ra7 19. Bxd5 exd5 20. Rxd5 Qb6 21. Qd1 Re7 22. Nd7 Rxe1+ 23. Qxe1 Qe6 24. Qxe6 fxe6 25. Rd6 Rd8 26. Nc5 Rxd6 27. Bxd6 b4 28. cxb4 Bxb2 29. Kf1 Ba3 30. Nb3 Bb7 31. f3 Bd5 32. Ke2 Bc4+ 33. Ke3 Bf1 34. Kf2 Bc4 35. h4 Kf7 36. Ke3 h5 37. Bc5 e5 38. Kd2 Bf1 39. g3 Ke6 40. b5 Bb2 41. Kc2 1-0

[Event "South Wales International"]
[White "Jyothilal, N."]
[Black "Ledger, Dave J"]
[Site "Cardiff"]
[Round "6.3"]
[Annotator ""]
[Result "1/2-1/2"]
[Date "2017.07.11"]
[WhiteElo "1982"]
[BlackElo "2218"]
[PlyCount "96"]

1. d4 Nf6 2. c4 g6 3. Nc3 Bg7 4. e4 d6 5. Nge2 0-0 6. Ng3 e5 7. d5 a5 8. Be2 h5 9. Bg5 Qe8 10. Qd2 Nh7 11. Bh6 Na6 12. Bxh5 gxh5 13. Nxh5 Bh8 14. Bxf8 Qxf8 15. g4 Bg7 16. Rg1 f6 17. h4 Bd7 18. 0-0-0 Kh8 19. g5 fxg5 20. hxg5 Qf3 21. Rh1 Be8 22. Ng3 Nc5 23. Rh4 Bg6 24. Qe2 Qxe2 25. Ncxe2 Rf8 26. f4 exf4 27. Nxf4 Rxf4 28. Rxf4 Be5 29. Rg4 Bxg3 30. Rxg3 Nxe4 31. Rg2 Kg7 32. Re1 b6 33. Re3 Kf7 34. Rf3+ Kg7 35. Ra3 Nc5 36. Re2 Be4 37. b4 axb4 38. Ra7 Nxg5 39. Rxc7+ Kf6 40. Kd2 b5 41. cxb5 Bxd5 42. Ke3 Nge4 43. Rb2 Nc3 44. Rxb4 Bxa2 45. Rf4+ Ke5 46. Re7+ Be6 47. Rxe6+ Kxe6 48. Rh4 Nxb5 1/2-1/2

[Event "South Wales International"]
[White "Davis, Lee"]
[Black "Menadue, Jeremy F S"]
[Site "Cardiff"]
[Round "6.4"]
[Annotator ""]
[Result "1/2-1/2"]
[Date "2017.07.11"]
[WhiteElo "1952"]
[BlackElo "2046"]
[PlyCount "36"]

1. d4 Nf6 2. Nf3 d5 3. g3 c6 4. Bg2 Bf5 5. 0-0 e6 6. c4 Nbd7 7. Nc3 dxc4 8. Nh4 Bg4 9. h3 Bh5 10. g4 Bg6 11. Nxg6 hxg6 12. e4 e5 13. d5 c5 14. f4 a6 15. a4 Bd6 16. f5 Qc7 17. Be3 0-0-0 18. Qe2 Nf8 1/2-1/2

[Event "South Wales International"]
[White "Kett, Tim"]
[Black "Rudd, Jack"]
[Site "Cardiff"]
[Round "6.5"]
[Annotator ""]
[Result "0-1"]
[Date "2017.07.11"]
[WhiteElo "2208"]
[BlackElo "2252"]
[PlyCount "70"]

1. d4 Nf6 2. Bg5 Ne4 3. Bf4 c5 4. d5 Qa5+ 5. c3 e6 6. Na3 Nxc3 7. Qd2 Qa4 8. bxc3 Qxa3 9. e4 d6 10. Rb1 e5 11. Bb5+ Bd7 12. Bg3 Bxb5 13. Rxb5 b6 14. f4 f6 15. Nf3 Be7 16. 0-0 0-0 17. fxe5 fxe5 18. Bxe5 Qa4 19. Rbb1 Qxe4 20. Bxg7 Rf7 21. Ng5 Rxf1+ 22. Rxf1 Qg6 23. Ne6 Nd7 24. Rf3 Re8 25. c4 Qb1+ 26. Rf1 Qe4 27. Rf4 Qb1+ 28. Kf2 Bg5 29. Nxg5 Kxg7 30. Ne6+ Kh8 31. Rf3 Ne5 32. Qf4 Qb2+ 33. Kg3 Rg8+ 34. Kh3 Qxg2+ 35. Kh4 Nxf3+ 0-1

[Event "South Wales International"]
[White "Lauridsen, Jesper Morch"]
[Black "Taylor, Robert Graham"]
[Site "Cardiff"]
[Round "6.6"]
[Annotator ""]
[Result "1/2-1/2"]
[Date "2017.07.11"]
[WhiteElo "2247"]
[BlackElo "1944"]
[PlyCount "46"]

1. e4 c5 2. Nf3 e6 3. d4 cxd4 4. Nxd4 Nc6 5. Nc3 Qc7 6. Be3 a6 7. Qd2 b5 8. 0-0-0 Nf6 9. Bf4 Qb6 10. Nxc6 Qxc6 11. f3 Be7 12. g4 b4 13. Ne2 0-0 14. g5 Ne8 15. h4 e5 16. Bxe5 d6 17. Bd4 Qa4 18. Kb1 Be6 19. Nc1 Nc7 20. f4 Nb5 21. Bxb5 Bxa2+ 22. Nxa2 axb5 23. Qxb4 Qxa2+ 1/2-1/2

[Event "South Wales International"]
[White "Fathallah, Joe"]
[Black "Marusenko, Petr"]
[Site "Cardiff"]
[Round "6.7"]
[Annotator ""]
[Result "0-1"]
[Date "2017.07.11"]
[WhiteElo "1919"]
[BlackElo "2162"]
[PlyCount "46"]

1. d4 Nf6 2. c4 e6 3. Nc3 Bb4 4. Qc2 0-0 5. a3 Bxc3+ 6. Qxc3 b5 7. cxb5 c6 8. bxc6 Nxc6 9. Bg5 Ba6 10. e3 Bxf1 11. Kxf1 Rc8 12. Bxf6 Qxf6 13. Rc1 Ne7 14. Qd2 Rxc1+ 15. Qxc1 Rc8 16. Qd2 Qf5 17. Nf3 Rc2 18. Qd1 Rxb2 19. Nd2 Qd3+ 20. Ke1 Nd5 21. Qe2 Qc3 22. f3 Nxe3 23. Rg1 Nc4 0-1

[Event "South Wales International"]
[White "Pleasants, Allan J"]
[Black "Waterfield, John W"]
[Site "Cardiff"]
[Round "6.8"]
[Annotator ""]
[Result "1-0"]
[Date "2017.07.11"]
[WhiteElo "2103"]
[BlackElo "1967"]
[PlyCount "83"]

1. Nf3 g6 2. g3 Bg7 3. Bg2 d6 4. d4 Nf6 5. 0-0 0-0 6. c4 Nbd7 7. Nc3 e5 8. h3 a6 9. Be3 Rb8 10. Rc1 Nh5 11. dxe5 Nxe5 12. Nxe5 dxe5 13. Ba7 Ra8 14. Bc5 Re8 15. Qxd8 Rxd8 16. Nd5 Bd7 17. Nxc7 Rac8 18. Be7 Bf6 19. Nd5 Bg7 20. Bxd8 Rxd8 21. Rfd1 Kf8 22. Nb6 Ke7 23. Nxd7 Rxd7 24. Rxd7+ Kxd7 25. Bxb7 a5 26. Bd5 e4 27. e3 f5 28. b3 Nf6 29. Rd1 Kc7 30. Kf1 Kb6 31. Ke2 Kc5 32. a3 Bf8 33. Rb1 Nxd5 34. cxd5 Kxd5 35. b4 axb4 36. axb4 Kc6 37. b5+ Kb6 38. Kd2 h6 39. Kc3 g5 40. g4 f4 41. Kd4 fxe3 42. fxe3 1-0

[Event "South Wales International"]
[White "Rysbayeva, Aigerim"]
[Black "Chong, Kimberly"]
[Site "Cardiff"]
[Round "6.12"]
[Annotator ""]
[Result "1-0"]
[Date "2017.07.11"]
[WhiteElo "2157"]
[BlackElo "1356"]
[PlyCount "53"]

1. e4 e5 2. Nf3 Nc6 3. Bb5 a6 4. Ba4 Nf6 5. 0-0 b5 6. Bb3 Be7 7. Re1 0-0 8. a4 b4 9. d3 d6 10. a5 Bg4 11. c3 Re8 12. h3 Bd7 13. Nbd2 Na7 14. Nf1 c5 15. d4 Qc7 16. dxe5 dxe5 17. Ne3 Rad8 18. Qc2 Bc6 19. Bxf7+ Kxf7 20. Ng5+ Kg6 21. Nf5 Nxe4 22. Nh4+ Kf6 23. Rxe4 Bxe4 24. Qxe4 Rd1+ 25. Kh2 Bd6 26. Qf5+ Ke7 27. Qe6+ 1-0

[Event "South Wales International"]
[White "Wilson, Matthew R"]
[Black "Thorpe, Thomas"]
[Site "Cardiff"]
[Round "6.14"]
[Annotator ""]
[Result "0-1"]
[Date "2017.07.11"]
[WhiteElo "1829"]
[BlackElo "1892"]
[PlyCount "82"]

1. e4 e5 2. Nf3 d6 3. d4 Nd7 4. Bc4 Be7 5. Nc3 Ngf6 6. 0-0 c6 7. a4 Qc7 8. h3 h6 9. Be3 g5 10. Nh2 Nf8 11. b4 Ng6 12. b5 Nf4 13. bxc6 bxc6 14. d5 c5 15. Bb5+ Bd7 16. Rb1 h5 17. Rb3 a6 18. Bxd7+ Qxd7 19. Qb1 Kf8 20. Rb7 Nxh3+ 21. Kh1 Qc8 22. Qb6 Nf4 23. Rb1 Qd8 24. Nf1 h4 25. Nd2 Qc8 26. Bxf4 gxf4 27. Qc7 Qxc7 28. Rxc7 Bd8 29. Rc6 h3 30. Rxd6 Ng4 31. gxh3 Rxh3+ 32. Kg2 Rxc3 33. Rb7 Rxc2 34. Rdd7 Nh6 35. Nf3 Bf6 36. Rb6 Kg7 37. d6 Ng4 38. Rbb7 Rxf2+ 39. Kh3 Rxf3+ 40. Kxg4 Rg3+ 41. Kh5 Rh8# 0-1

[Event "South Wales International"]
[White "Gosling, Brian G E"]
[Black "Cheung, Ryan"]
[Site "Cardiff"]
[Round "6.16"]
[Annotator ""]
[Result "1-0"]
[Date "2017.07.11"]
[WhiteElo "1825"]
[BlackElo "1318"]
[PlyCount "131"]

1. Nf3 d5 2. g3 Nf6 3. Bg2 e6 4. d3 Be7 5. 0-0 0-0 6. Nbd2 c5 7. e4 Nc6 8. e5 Nd7 9. Re1 Qc7 10. Qe2 b6 11. h4 Ba6 12. c4 dxc4 13. dxc4 Bb7 14. Nf1 Rae8 15. Bf4 Nd8 16. Rad1 Qc6 17. Ne3 f6 18. Ng5 Qc8 19. Nxh7 Kxh7 20. Qd3+ Kg8 21. Qxd7 Qxd7 22. Rxd7 Bxg2 23. Nxg2 a5 24. b3 fxe5 25. Bxe5 Bf6 26. Rc7 Bxe5 27. Rxe5 Nf7 28. Re2 e5 29. Rc6 Rb8 30. f4 exf4 31. Nxf4 Rfc8 32. Rg6 Rb7 33. Ree6 b5 34. cxb5 Rxb5 35. Nh5 a4 36. Rxg7+ Kf8 37. Rf6 Rc7 38. bxa4 Ra5 39. Rf4 c4 40. Nf6 Kxg7 41. Ne8+ Kg6 42. Nxc7 Rc5 43. Ne6 Re5 44. h5+ Kxh5 45. Rxf7 Rxe6 46. Rc7 Re4 47. Kf2 Kg4 48. a5 c3 49. Rxc3 Ra4 50. a3 Rxa5 51. Rb3 Rf5+ 52. Kg2 Re5 53. Rb4+ Kg5 54. a4 Re2+ 55. Kf3 Ra2 56. Rb5+ Kg6 57. a5 Ra3+ 58. Kg4 Ra4+ 59. Kh3 Kh6 60. g4 Kg6 61. Kh4 Kh6 62. Rb6+ Kg7 63. a6 Kh7 64. Kh5 Ra5+ 65. g5 Kg8 66. Kg6 1-0

[Event "South Wales International"]
[White "Dixon, Chris"]
[Black "Jaberansari, Daniel"]
[Site "Cardiff"]
[Round "6.17"]
[Annotator ""]
[Result "1-0"]
[Date "2017.07.11"]
[WhiteElo "1806"]
[BlackElo "1387"]
[PlyCount "61"]

1. d4 Nf6 2. Nc3 g6 3. e4 d6 4. Be3 Bg7 5. Qd2 0-0 6. 0-0-0 a6 7. f3 b5 8. h4 b4 9. Nce2 a5 10. g4 h5 11. gxh5 Nxh5 12. Nh3 b3 13. cxb3 Qe8 14. Nhf4 Nxf4 15. Bxf4 a4 16. b4 c5 17. bxc5 dxc5 18. Bh6 Qc6 19. d5 Qf6 20. Bxg7 Qxg7 21. Nc3 Bd7 22. Bc4 Na6 23. h5 Nc7 24. Rdg1 Rab8 25. Rg3 Rb4 26. d6 Rxc4 27. dxc7 a3 28. hxg6 axb2+ 29. Kxb2 Rb4+ 30. Kc1 Rc4 31. gxf7+ 1-0